[Event "I Open Distrito de Chamartin 2012"]
[Site "Madrid ESP"]
[Date "2012.09.09"]
[Round "1.31"]
[White "Garcia Saez, Juan Carlos"]
[Black "Sanchez Tapia, Luis G"]
[Result "1-0"]
[WhiteElo "2004"]
[BlackElo "1605"]
[PlyCount "131"]
[EventDate "2012.09.09"]
[EventType "swiss"]
[EventRounds "9"]
[EventCountry "ESP"]
[Source "lmi"]
[SourceDate "2012.09.09"]

1. e4 c6 2. d4 d5 3. Nc3 dxe4 4. Nxe4 Bf5 5. Ng3 Bg6 6. N1e2 e5 7. h4 h6 8. c3
Nd7 9. Qb3 Qb6 10. Be3 Ngf6 11. Qxb6 axb6 12. dxe5 Nxe5 13. Nf4 Bh7 14. Bxb6
Ra4 15. Bd4 Rxd4 16. cxd4 Bb4+ 17. Kd1 Neg4 18. Nh3 O-O 19. a3 Bd6 20. Be2
Nxf2+ 21. Nxf2 Bxg3 22. Nd3 Rd8 23. Kc2 Rxd4 24. Rad1 Nd5 25. Kb3 Re4 26. Nc1
Bf4 27. Bf3 Re3+ 28. Ka2 Be4 29. Bxe4 Rxe4 30. Rhe1 Rc4 31. Re8+ Kh7 32. Ne2
Bc7 33. Rd4 Rc5 34. Kb1 f6 35. a4 Ra5 36. Nc3 Be5 37. Rc4 Nxc3+ 38. bxc3 Rd5
39. Re7 b5 40. Rxc6 bxa4 41. Ra7 Rd1+ 42. Kc2 Rg1 43. Rxa4 Rxg2+ 44. Kd1 h5 45.
Re4 Bg3 46. c4 Rh2 47. c5 f5 48. Re7 Rh1+ 49. Kd2 Bxh4 50. Rf7 Rf1 51. Ke2 Rf2+
52. Ke3 Rf1 53. Rcc7 Bf6 54. Rxf6 h4 55. Rff7 Kh6 56. Rxg7 Rc1 57. Rg2 h3 58.
Rh2 Rc3+ 59. Kf4 Kg6 60. Rc6+ Kh5 61. Kxf5 Rf3+ 62. Ke4 Rg3 63. Rc8 Rc3 64. Kd4
Rf3 65. Rh8+ Kg4 66. R8xh3 1-0

[Event "I Open Distrito de Chamartin 2012"]
[Site "Madrid ESP"]
[Date "2012.09.09"]
[Round "1.32"]
[White "Orantes Sanz, Ricardo"]
[Black "Tipter, Napoleon"]
[Result "1-0"]
[WhiteElo "1604"]
[BlackElo "2002"]
[PlyCount "49"]
[EventDate "2012.09.09"]
[EventType "swiss"]
[EventRounds "9"]
[EventCountry "ESP"]
[Source "lmi"]
[SourceDate "2012.09.09"]

1. Nf3 c5 2. c4 Nc6 3. g3 e6 4. Bg2 Nf6 5. d3 d5 6. Nbd2 Be7 7. a3 O-O 8. O-O
Rb8 9. Re1 b5 10. b3 bxc4 11. bxc4 Ba6 12. Qa4 Qa5 13. Qc2 Nb4 14. Qc3 d4 15.
axb4 dxc3 16. Rxa5 cxd2 17. Bxd2 Bb7 18. bxc5 Rfc8 19. d4 Bd8 20. Rxa7 Bc7 21.
Ba5 Bxa5 22. Rxa5 Be4 23. Ne5 Rb2 24. f3 Bg6 25. e4 1-0

[Event "I Open Distrito de Chamartin 2012"]
[Site "Madrid ESP"]
[Date "2012.09.09"]
[Round "1.33"]
[White "Rodriguez Gomez, Vicente"]
[Black "Sotres Menendez, Raul"]
[Result "1-0"]
[WhiteElo "1992"]
[BlackElo "1599"]
[PlyCount "25"]
[EventDate "2012.09.09"]
[EventType "swiss"]
[EventRounds "9"]
[EventCountry "ESP"]
[Source "lmi"]
[SourceDate "2012.09.09"]

1. e4 c5 2. c3 Nc6 3. d4 e6 4. d5 Ne5 5. f4 Ng6 6. Nf3 d6 7. dxe6 fxe6 8. Bc4
h6 9. O-O Bd7 10. f5 exf5 11. exf5 Bxf5 12. Qb3 N8e7 13. Bf7+ 1-0

[Event "I Open Distrito de Chamartin 2012"]
[Site "Madrid ESP"]
[Date "2012.09.09"]
[Round "1.34"]
[White "Salgado Duarte, Pablo"]
[Black "Lopez Moll, Jose Manuel"]
[Result "1/2-1/2"]
[WhiteElo "1579"]
[BlackElo "1991"]
[PlyCount "145"]
[EventDate "2012.09.09"]
[EventType "swiss"]
[EventRounds "9"]
[EventCountry "ESP"]
[Source "lmi"]
[SourceDate "2012.09.09"]

1. d4 d6 2. e4 f5 3. Nc3 Nf6 4. Bd3 fxe4 5. Nxe4 Nxe4 6. Bxe4 g6 7. Qf3 c6 8.
Ne2 Bf5 9. Bxf5 Qa5+ 10. Bd2 Qxf5 11. Qxf5 gxf5 12. O-O Na6 13. Rfe1 Kd7 14.
Ng3 e6 15. Bc3 Rg8 16. Re2 Bg7 17. Rae1 Rae8 18. Nh5 Bh8 19. Nf4 Nc7 20. Re3
Rg4 21. g3 Rgg8 22. Rd3 Bg7 23. Bd2 Kc8 24. c3 e5 25. dxe5 dxe5 26. Nh3 Bf6 27.
Be3 b6 28. Red1 Rd8 29. Rxd8+ Rxd8 30. Rxd8+ Kxd8 31. c4 Ne6 32. b3 Ke7 33. f4
e4 34. Nf2 Nd4 35. Bxd4 Bxd4 36. Kf1 Bxf2 37. Kxf2 h5 38. Ke3 Kf6 39. a3 a6 40.
b4 b5 41. c5 Ke6 42. Kd4 Kf6 43. Ke3 Ke7 44. Kd4 Ke6 45. h3 Kf6 46. Ke3 h4 47.
gxh4 Kg6 48. Kf2 Kh6 49. Kg2 Kh5 50. Kg3 e3 51. Kf3 Kxh4 52. Kxe3 Kxh3 53. Kd4
Kg3 54. Ke5 Kg4 55. Kd6 Kxf4 56. Kxc6 Ke3 57. Kb6 f4 58. c6 f3 59. c7 f2 60.
c8=Q f1=Q 61. Qc5+ Kd2 62. Kxa6 Qa1 63. Qf2+ Kd3 64. Qf3+ Kc4 65. Qe4+ Kb3 66.
Qd3+ Ka2 67. Qc2+ Kxa3 68. Kxb5 Qf1+ 69. Qc4 Qf5+ 70. Qc5 Qd7+ 71. Kc4 Qg4+ 72.
Kb5 Qd7+ 73. Qc6 1/2-1/2

[Event "I Open Distrito de Chamartin 2012"]
[Site "Madrid ESP"]
[Date "2012.09.09"]
[Round "1.35"]
[White "Garcia Sanz, Eduardo"]
[Black "Picazo Sancho, Alvaro"]
[Result "1-0"]
[WhiteElo "1988"]
[BlackElo "1481"]
[PlyCount "53"]
[EventDate "2012.09.09"]
[EventType "swiss"]
[EventRounds "9"]
[EventCountry "ESP"]
[Source "lmi"]
[SourceDate "2012.09.09"]

1. e4 c5 2. Nf3 Nc6 3. Nc3 e6 4. d4 cxd4 5. Nxd4 a6 6. Be2 Qc7 7. O-O Nf6 8.
Be3 Be7 9. f4 d6 10. Kh1 Bd7 11. Qe1 h5 12. Rd1 Ng4 13. Bg1 g5 14. f5 O-O-O 15.
h3 d5 16. fxe6 fxe6 17. Nxc6 Bxc6 18. Rf7 d4 19. Bxg4 hxg4 20. Bh2 e5 21. Nd5
Bxd5 22. exd5 Rxd5 23. Qe4 Rhd8 24. Qxg4+ R8d7 25. Rxe7 Kb8 26. Rxd7 Rxd7 27.
Bxe5 1-0

[Event "I Open Distrito de Chamartin 2012"]
[Site "Madrid ESP"]
[Date "2012.09.09"]
[Round "1.36"]
[White "Barria Arbunic, Manuel"]
[Black "Alonso Aranzabal, Inigo"]
[Result "1/2-1/2"]
[WhiteElo "1470"]
[BlackElo "1976"]
[PlyCount "36"]
[EventDate "2012.09.09"]
[EventType "swiss"]
[EventRounds "9"]
[EventCountry "ESP"]
[Source "lmi"]
[SourceDate "2012.09.09"]

1. d4 Nf6 2. c4 g6 3. Nf3 Bg7 4. Nc3 O-O 5. e4 d6 6. Be2 e5 7. dxe5 dxe5 8.
Qxd8 Rxd8 9. Bg5 c6 10. Nxe5 Re8 11. O-O-O Rxe5 12. Rd8+ Re8 13. Bxf6 Rxd8 14.
Bxd8 Bxc3 15. bxc3 Be6 16. Kc2 Nd7 17. Bc7 c5 18. Rd1 f6 1/2-1/2

[Event "I Open Distrito de Chamartin 2012"]
[Site "Madrid ESP"]
[Date "2012.09.09"]
[Round "1.37"]
[White "Nunez Miranda, Adrian"]
[Black "Lopez Garralon, Jorge"]
[Result "1-0"]
[WhiteElo "1971"]
[BlackElo "1264"]
[PlyCount "71"]
[EventDate "2012.09.09"]
[EventType "swiss"]
[EventRounds "9"]
[EventCountry "ESP"]
[Source "lmi"]
[SourceDate "2012.09.09"]

1. e4 d6 2. d4 Nf6 3. f3 Nbd7 4. c4 e5 5. d5 c6 6. Nc3 Be7 7. Be3 Qc7 8. Nge2
a6 9. a4 O-O 10. g4 Nb6 11. Qb3 Nbd7 12. Ng3 cxd5 13. cxd5 Nc5 14. Qc2 h6 15.
b4 Ncd7 16. a5 Nh7 17. h4 Re8 18. Rc1 Ndf8 19. Qf2 Qd7 20. Nf5 Ng6 21. g5 hxg5
22. Bh3 Qc7 23. Nb5 Qb8 24. Nc7 Bxf5 25. Bxf5 gxh4 26. Nxa8 Qxa8 27. Bxg6 fxg6
28. Qg2 Rc8 29. Kd2 Kf7 30. Qg4 Rxc1 31. Rxc1 Qe8 32. Qe6+ Kf8 33. Rc8 Bd8 34.
Qxd6+ Kf7 35. Rxd8 Qa4 36. Qe6# 1-0

[Event "I Open Distrito de Chamartin 2012"]
[Site "Madrid ESP"]
[Date "2012.09.10"]
[Round "2.1"]
[White "Cano Cabanillas, Javier"]
[Black "Hernandez Carmenate, Holden"]
[Result "0-1"]
[WhiteElo "2027"]
[BlackElo "2561"]
[PlyCount "98"]
[EventDate "2012.09.09"]
[EventType "swiss"]
[EventRounds "9"]
[EventCountry "ESP"]
[Source "lmi"]
[SourceDate "2012.09.09"]

1. e4 c5 2. Nf3 d6 3. d4 cxd4 4. Nxd4 Nf6 5. Nc3 a6 6. h3 e6 7. g4 Be7 8. Bg2
Nfd7 9. O-O Nc6 10. Be3 O-O 11. Nde2 b5 12. a3 Nce5 13. b3 g5 14. f4 gxf4 15.
Bxf4 Bb7 16. Qd2 Rc8 17. Rad1 Kh8 18. Rf2 Qa5 19. Be3 Rg8 20. Rdf1 Rg7 21. Bh6
Rg6 22. Be3 Kg8 23. Nd5 Qd8 24. Nxe7+ Qxe7 25. Nf4 Rg7 26. Nh5 Rg6 27. Nf4 Nc5
28. Nxg6 hxg6 29. Bxc5 Rxc5 30. Rd1 Rc6 31. Rdf1 Kf8 32. Qh6+ Ke8 33. Rxf7 Nxf7
34. Qxg6 Rc7 35. Rf6 Bc8 36. h4 Kd8 37. h5 Ne5 38. Qg8+ Kd7 39. g5 Bb7 40. h6
Rxc2 41. h7 Rxg2+ 42. Kxg2 Bxe4+ 43. Kf1 Bxh7 44. Qa8 Qd8 45. Qxa6 Bd3+ 46. Kg2
Qc7 47. Rf2 Be4+ 48. Kg3 Qc3+ 49. Kf4 Nd3+ 0-1

[Event "I Open Distrito de Chamartin 2012"]
[Site "Madrid ESP"]
[Date "2012.09.10"]
[Round "2.2"]
[White "Avendano Mateos, Jose"]
[Black "Almagro Llamas, Pablo"]
[Result "1/2-1/2"]
[WhiteElo "2014"]
[BlackElo "2455"]
[PlyCount "127"]
[EventDate "2012.09.09"]
[EventType "swiss"]
[EventRounds "9"]
[EventCountry "ESP"]
[Source "lmi"]
[SourceDate "2012.09.09"]

1. d4 Nf6 2. Nf3 e6 3. Bg5 c5 4. Bxf6 Qxf6 5. e3 Nc6 6. c3 d5 7. Bd3 Bd6 8.
Nbd2 O-O 9. O-O Rd8 10. Rc1 Qh6 11. Re1 c4 12. Bc2 f5 13. b3 b5 14. a4 a6 15.
bxc4 bxc4 16. h4 Qf6 17. Rb1 Qe7 18. Qe2 Bd7 19. g3 Be8 20. Ng5 Rab8 21. Nxc4
dxc4 22. Qxc4 Na5 23. Qxe6+ Qxe6 24. Nxe6 Rdc8 25. Bxf5 Rxc3 26. Rxb8 Bxb8 27.
Ng5 g6 28. Be6+ Kg7 29. Rb1 Bc6 30. Bc8 Nb3 31. Bxa6 h6 32. Ne6+ Kf6 33. Nc5
Nd2 34. Rd1 Rc2 35. Bb5 Bf3 36. Ra1 Bd6 37. Nd3 Ne4 38. Ne1 Rxf2 39. Bc6 Rf1+
40. Kxf1 Nxg3+ 41. Kf2 Bxc6 42. a5 Ne4+ 43. Ke2 Bb5+ 44. Kf3 Nd2+ 45. Kf2 Ba6
46. Rc1 Nc4 47. e4 Bf4 48. Rc3 Bd2 49. Rf3+ Ke7 50. e5 Bb7 51. Rg3 Be4 52. a6
Ke6 53. a7 Nb6 54. Ra3 Kf5 55. Ra6 Bc3 56. Nf3 Na8 57. Rf6+ Kg4 58. e6 Bxf3 59.
Rxf3 Bxd4+ 60. Kg2 Bxa7 61. Ra3 Nc7 62. Rxa7 Nxe6 63. Ra4+ Nf4+ 64. Kh2 1/2-1/2

[Event "I Open Distrito de Chamartin 2012"]
[Site "Madrid ESP"]
[Date "2012.09.10"]
[Round "2.3"]
[White "Barria Zuniga, Daniel"]
[Black "De La Colina Fernandez, Gerardo"]
[Result "1-0"]
[WhiteElo "2432"]
[BlackElo "2016"]
[PlyCount "89"]
[EventDate "2012.09.09"]
[EventType "swiss"]
[EventRounds "9"]
[EventCountry "ESP"]
[Source "lmi"]
[SourceDate "2012.09.09"]

1. d4 d5 2. c4 e6 3. Nf3 Nf6 4. Nc3 Nbd7 5. Bg5 c6 6. e3 Qa5 7. Nd2 dxc4 8.
Bxf6 Nxf6 9. Nxc4 Qd8 10. Be2 Be7 11. O-O O-O 12. a3 Nd5 13. Rc1 f6 14. Qc2 Qe8
15. b4 Bd7 16. Ne4 b6 17. Bd3 Qb8 18. Ng3 h6 19. Nh5 Be8 20. Bg6 Bf7 21. Bxf7+
Rxf7 22. Nd2 c5 23. bxc5 bxc5 24. dxc5 Qe5 25. Ng3 Rc8 26. Nb3 Bf8 27. a4 Rfc7
28. Rfd1 Bxc5 29. Nxc5 Rxc5 30. Qxc5 Rxc5 31. Rxc5 Qb2 32. h4 f5 33. h5 Qb3 34.
Rdc1 Qxa4 35. Rc8+ Kf7 36. Ra8 Qa3 37. Rb1 Kf6 38. Rb7 Nxe3 39. fxe3 Qxe3+ 40.
Kh2 Qg5 41. Rf8+ Ke5 42. Rb5+ Kd6 43. Ne4+ fxe4 44. Rxg5 hxg5 45. Rf7 1-0

[Event "I Open Distrito de Chamartin 2012"]
[Site "Madrid ESP"]
[Date "2012.09.10"]
[Round "2.4"]
[White "Baeza Escudero, Javier"]
[Black "Taboas Rodriguez, Daniel"]
[Result "0-1"]
[WhiteElo "2008"]
[BlackElo "2402"]
[PlyCount "86"]
[EventDate "2012.09.09"]
[EventType "swiss"]
[EventRounds "9"]
[EventCountry "ESP"]
[Source "lmi"]
[SourceDate "2012.09.09"]

1. d4 d5 2. c4 e6 3. Nf3 Nf6 4. g3 Bb4+ 5. Bd2 Be7 6. Bg2 O-O 7. b3 dxc4 8.
bxc4 c5 9. dxc5 Ne4 10. Nc3 Nxd2 11. Nxd2 Bxc5 12. O-O Bb4 13. Qc2 Na6 14. Rab1
Rb8 15. Rfd1 Qe7 16. Nb5 b6 17. Qa4 Rd8 18. Nb3 Bb7 19. a3 Bxg2 20. Qxa6 Be4
21. axb4 Qxb4 22. Qa2 Qxc4 23. Nd6 Bxb1 24. Qxb1 Qxe2 25. Re1 Qf3 26. Re3 Qh5
27. Rd3 a5 28. Qa2 Rd7 29. Nd2 Qd1+ 30. Kg2 Rbd8 31. Qa3 Qc2 32. N2e4 Qc6 33.
Rc3 Qa8 34. Kh3 f5 35. Ng5 Rxd6 36. Rc7 Qd5 37. Qb2 R6d7 38. Qxb6 Qd6 39. Rc6
Qb4 40. Qe3 Qg4+ 41. Kg2 f4 42. Qc5 Rd5 43. Qe7 Qxg5 0-1

[Event "I Open Distrito de Chamartin 2012"]
[Site "Madrid ESP"]
[Date "2012.09.10"]
[Round "2.5"]
[White "Hernando Pertierra, Jose C"]
[Black "Garcia Saez, Juan Carlos"]
[Result "1/2-1/2"]
[WhiteElo "2376"]
[BlackElo "2004"]
[PlyCount "144"]
[EventDate "2012.09.09"]
[EventType "swiss"]
[EventRounds "9"]
[EventCountry "ESP"]
[Source "lmi"]
[SourceDate "2012.09.09"]

1. Nf3 Nf6 2. c4 b6 3. g3 Bb7 4. Bg2 e6 5. O-O Be7 6. Nc3 O-O 7. d4 d5 8. cxd5
exd5 9. b3 Nbd7 10. Bb2 Ne4 11. Rc1 Nxc3 12. Bxc3 Ba3 13. Rc2 Rc8 14. Nh4 Nf6
15. Bh3 Ra8 16. Bb2 Bxb2 17. Rxb2 Ne4 18. Rc2 Ng5 19. Bg2 Qd7 20. Qd3 f5 21.
Rfc1 c6 22. f4 Ne4 23. Nf3 Rf6 24. Ne5 Qe8 25. e3 Rc8 26. b4 Nd6 27. a4 a6 28.
Nxc6 Rxc6 29. Bxd5+ Nf7 30. Bxc6 Rxc6 31. Rxc6 Bxc6 32. d5 Bd7 33. d6 Qe6 34.
Qd4 Nxd6 35. Qxb6 Kf7 36. a5 Nc4 37. Qxe6+ Bxe6 38. Kf2 Ke7 39. Ke2 Kd7 40. Kd3
Nd6 41. Kd4 h6 42. h3 h5 43. Rc2 Bb3 44. Rc5 Be6 45. Rc1 Bb3 46. Ke5 Nc4+ 47.
Kxf5 Nxe3+ 48. Kg6 Be6 49. Kxh5 Bxh3 50. Kg6 Be6 51. Kxg7 Nd5 52. Rb1 Kc6 53.
Kg6 Kb5 54. Re1 Bh3 55. f5 Kxb4 56. f6 Nxf6 57. Kxf6 Kxa5 58. Ke5 Kb4 59. g4
Bxg4 60. Re4+ Kb3 61. Rxg4 a5 62. Rg8 a4 63. Rb8+ Kc3 64. Ra8 Kb3 65. Kd4 a3
66. Kd3 Kb2 67. Rb8+ Kc1 68. Rc8+ Kb1 69. Kc3 a2 70. Rb8+ Kc1 71. Ra8 Kb1 72.
Rb8+ Kc1 1/2-1/2

[Event "I Open Distrito de Chamartin 2012"]
[Site "Madrid ESP"]
[Date "2012.09.10"]
[Round "2.6"]
[White "Cucarella Montell, Angels"]
[Black "Elissalt Cardenas, Hector"]
[Result "1/2-1/2"]
[WhiteElo "1967"]
[BlackElo "2353"]
[PlyCount "177"]
[EventDate "2012.09.09"]
[EventType "swiss"]
[EventRounds "9"]
[EventCountry "ESP"]
[Source "lmi"]
[SourceDate "2012.09.09"]

1. e4 g6 2. d4 Bg7 3. g3 c6 4. Bg2 d5 5. e5 Na6 6. Nf3 Nc7 7. O-O Nh6 8. Re1
O-O 9. c3 f6 10. exf6 exf6 11. Na3 Nf7 12. Nc2 Bf5 13. Nh4 Be6 14. Nb4 Qd7 15.
Nd3 b6 16. Qa4 g5 17. Nf3 Rfe8 18. Be3 h6 19. Nb4 a5 20. Nd3 Nd6 21. Nd2 Bf5
22. Qc2 Bf8 23. Rad1 Qh7 24. Nf1 Re7 25. b3 b5 26. Qe2 Ne4 27. Qc2 Nd6 28. Qe2
Ne6 29. f3 a4 30. Nb4 Nd8 31. Rc1 h5 32. Qd2 h4 33. Bf2 h3 34. Bh1 Raa7 35. Ne3
Be6 36. Nd3 Bh6 37. Nc5 g4 38. f4 axb3 39. axb3 f5 40. Nxe6 Nxe6 41. c4 bxc4
42. bxc4 Ne4 43. Qb2 Reb7 44. Qc2 Nxd4 45. Qd3 Bg7 46. cxd5 c5 47. Qc4 Rb4 48.
Qd3 Ra2 49. Nd1 Rbb2 50. Nxb2 Rxb2 51. Rxe4 fxe4 52. Bxe4 Nf3+ 53. Qxf3 gxf3
54. Bxh7+ Kxh7 55. Bxc5 Rb5 56. Kf1 Rb2 57. Bf2 Rd2 58. d6 Rxd6 59. Be3 Ra6 60.
Rd1 Bc3 61. Kf2 Ra2+ 62. Kxf3 Rxh2 63. Bf2 Kg6 64. Rd6+ Kg7 65. Rd1 Kg6 66. g4
Kf6 67. g5+ Kf5 68. Rd5+ Ke6 69. Rd1 Kf5 70. Rc1 Bb2 71. Rc5+ Kg6 72. Rc6+ Kf5
73. Rh6 Bg7 74. Rh4 Bc3 75. Rh7 Kg6 76. Rh6+ Kf5 77. Kg3 Rg2+ 78. Kf3 Rh2 79.
Rc6 Bb2 80. Rc2 Bd4 81. Ra2 Bb6 82. Rb2 Bc5 83. Re2 Bd6 84. Re8 Bxf4 85. Rf8+
Kxg5 86. Rg8+ Kh6 87. Rh8+ Kg6 88. Kxf4 Rxf2+ 89. Kg3 1/2-1/2

[Event "I Open Distrito de Chamartin 2012"]
[Site "Madrid ESP"]
[Date "2012.09.10"]
[Round "2.7"]
[White "Rodriguez Dorado, Victor"]
[Black "Serrano Salvador, Eduardo"]
[Result "1/2-1/2"]
[WhiteElo "1958"]
[BlackElo "2319"]
[PlyCount "100"]
[EventDate "2012.09.09"]
[EventType "swiss"]
[EventRounds "9"]
[EventCountry "ESP"]
[Source "lmi"]
[SourceDate "2012.09.09"]

1. c4 Nf6 2. Nf3 c6 3. g3 d5 4. Bg2 Bf5 5. cxd5 cxd5 6. Qb3 Qb6 7. Nc3 e6 8.
Qxb6 axb6 9. Nd4 Bg6 10. Ncb5 Kd7 11. d3 Nc6 12. Bd2 Ra4 13. Nxc6 bxc6 14. Nc3
Ra6 15. O-O Be7 16. e4 Rha8 17. a3 b5 18. Rad1 Bh5 19. f3 Ke8 20. g4 Bg6 21. h4
h6 22. Ne2 Nd7 23. h5 Bh7 24. Bc3 Kf8 25. d4 Nb6 26. Ng3 Nc4 27. Rfe1 Kg8 28.
Kh2 Rb6 29. exd5 cxd5 30. f4 Bd6 31. f5 Rc8 32. fxe6 fxe6 33. Kh3 Bxg3 34. Kxg3
Nd6 35. Rxe6 Be4 36. Re5 Re8 37. Bb4 Rxe5 38. dxe5 Bxg2 39. Kxg2 Nf7 40. Bc3
Re6 41. Re1 Ng5 42. Rd1 Ne4 43. Rxd5 Nxc3 44. bxc3 Rc6 45. e6 Rxe6 46. Rxb5 Rc6
47. Rb3 Rc4 48. Kf3 Kf7 49. Rb7+ Kf6 50. Rb6+ Kf7 1/2-1/2

[Event "I Open Distrito de Chamartin 2012"]
[Site "Madrid ESP"]
[Date "2012.09.10"]
[Round "2.8"]
[White "Longa Yauca, Javier"]
[Black "Rodriguez Gomez, Vicente"]
[Result "1-0"]
[WhiteElo "2289"]
[BlackElo "1992"]
[PlyCount "53"]
[EventDate "2012.09.09"]
[EventType "swiss"]
[EventRounds "9"]
[EventCountry "ESP"]
[Source "lmi"]
[SourceDate "2012.09.09"]

1. e4 e5 2. Nf3 Nc6 3. Bb5 a6 4. Bxc6 dxc6 5. O-O Bd6 6. d4 Bg4 7. dxe5 Bxf3 8.
Qxf3 Bxe5 9. Qb3 b5 10. c3 g6 11. Be3 Bg7 12. a4 Ne7 13. Bc5 Qd7 14. Na3 Nc8
15. Rfd1 Qe6 16. Qxe6+ fxe6 17. axb5 axb5 18. Nxb5 Rxa1 19. Nxc7+ Kf7 20. Rxa1
Rd8 21. g3 Rd2 22. Ra8 Nd6 23. Bxd6 Rxd6 24. Ra7 Rd1+ 25. Kg2 Bh8 26. Nd5+ Kg8
27. Ne7+ 1-0

[Event "I Open Distrito de Chamartin 2012"]
[Site "Madrid ESP"]
[Date "2012.09.10"]
[Round "2.9"]
[White "Lopez Garralon, Miguel"]
[Black "Sanchez Gonzalez, Sergio"]
[Result "0-1"]
[WhiteElo "1947"]
[BlackElo "2273"]
[PlyCount "64"]
[EventDate "2012.09.09"]
[EventType "swiss"]
[EventRounds "9"]
[EventCountry "ESP"]
[Source "lmi"]
[SourceDate "2012.09.09"]

1. e4 c5 2. Nc3 d6 3. f4 Nc6 4. Nf3 g6 5. Bc4 Bg7 6. O-O Nf6 7. d3 O-O 8. h3 e6
9. Bb3 Rb8 10. a4 a6 11. Qe1 b5 12. axb5 axb5 13. Be3 c4 14. dxc4 bxc4 15. Ba4
Ne7 16. Rd1 Rxb2 17. Nb5 Nxe4 18. Ne5 Ra2 19. Nxd6 Nxd6 20. Qb4 Nd5 21. Rxd5
exd5 22. Nc6 Rxa4 23. Qxa4 Bd7 24. Bc5 Bxc6 25. Qxc6 Ne4 26. Bxf8 Bxf8 27. Rd1
Qh4 28. Rxd5 Qf2+ 29. Kh2 Qxf4+ 30. Kg1 Bc5+ 31. Rxc5 Qe3+ 32. Kh2 Nxc5 0-1

[Event "I Open Distrito de Chamartin 2012"]
[Site "Madrid ESP"]
[Date "2012.09.10"]
[Round "2.10"]
[White "Fernandez Lledo, Javier"]
[Black "Garcia Sanz, Eduardo"]
[Result "1-0"]
[WhiteElo "2202"]
[BlackElo "1988"]
[PlyCount "45"]
[EventDate "2012.09.09"]
[EventType "swiss"]
[EventRounds "9"]
[EventCountry "ESP"]
[Source "lmi"]
[SourceDate "2012.09.09"]

1. Nf3 d5 2. e3 Nf6 3. c4 e6 4. b3 c5 5. Bb2 Nc6 6. cxd5 exd5 7. Bb5 Bd7 8. O-O
a6 9. Be2 Bd6 10. d4 cxd4 11. Nxd4 O-O 12. Nd2 Re8 13. N2f3 Qa5 14. a3 Rad8 15.
b4 Qb6 16. Nxc6 bxc6 17. Bd4 Qb7 18. Bxf6 gxf6 19. Nd4 a5 20. Bd3 Re5 21. Qf3
Bf8 22. Qxf6 Bg7 23. Qxd8+ 1-0

[Event "I Open Distrito de Chamartin 2012"]
[Site "Madrid ESP"]
[Date "2012.09.10"]
[Round "2.11"]
[White "Garcia Diaz, Victor Manuel"]
[Black "Nunez Miranda, Adrian"]
[Result "0-1"]
[WhiteElo "2189"]
[BlackElo "1971"]
[PlyCount "122"]
[EventDate "2012.09.09"]
[EventType "swiss"]
[EventRounds "9"]
[EventCountry "ESP"]
[Source "lmi"]
[SourceDate "2012.09.09"]

1. c4 e5 2. Nc3 f5 3. d4 d6 4. dxe5 dxe5 5. Qxd8+ Kxd8 6. Bg5+ Be7 7. O-O-O+
Ke8 8. h4 Nf6 9. Bxf6 Bxf6 10. e4 f4 11. Nb5 Na6 12. g3 fxg3 13. fxg3 Bd7 14.
Be2 Bxb5 15. cxb5 Nc5 16. Bf3 Ke7 17. Ne2 Rad8 18. Kc2 Rxd1 19. Rxd1 Rd8 20.
Nc3 Rxd1 21. Bxd1 Ne6 22. Bg4 Nd4+ 23. Kd3 Kd6 24. b4 Bd8 25. Bd1 g6 26. a4 h5
27. Nd5 c6 28. bxc6 bxc6 29. Ne3 Bf6 30. Nc4+ Kc7 31. Nd2 Kb6 32. Bb3 Nxb3 33.
Nxb3 Be7 34. Kc4 a6 35. a5+ Kb7 36. Nd2 g5 37. hxg5 Bxg5 38. Nf3 Bf6 39. Ne1
Be7 40. Nf3 Bf6 41. Ne1 Be7 42. Nd3 Bd6 43. Kc3 Kc7 44. Kc4 Kb7 45. Nb2 Be7 46.
Nd1 Bg5 47. Nb2 Be7 48. Nd3 Bd6 49. Ne1 Be7 50. Ng2 Bg5 51. Kc3 Kc7 52. Ne1 Be3
53. Nd3 Kd6 54. Kc4 Bg1 55. Nc1 Bf2 56. Ne2 Be1 57. Kb3 c5 58. Nc3 cxb4 59. Nd5
Bxg3 60. Kxb4 Bf2 61. Kc4 h4 0-1

[Event "I Open Distrito de Chamartin 2012"]
[Site "Madrid ESP"]
[Date "2012.09.10"]
[Round "2.12"]
[White "Garcia Esteban, Ignacio"]
[Black "Collado Barbas, Laura"]
[Result "0-1"]
[WhiteElo "1940"]
[BlackElo "2149"]
[PlyCount "80"]
[EventDate "2012.09.09"]
[EventType "swiss"]
[EventRounds "9"]
[EventCountry "ESP"]
[Source "lmi"]
[SourceDate "2012.09.09"]

1. e4 e6 2. d4 d5 3. exd5 exd5 4. Bd3 Nc6 5. c3 Bd6 6. Nf3 Nge7 7. O-O Bg4 8.
h3 Bh5 9. Nbd2 Qd7 10. Qc2 O-O-O 11. Re1 f6 12. b4 Rde8 13. a4 g5 14. a5 g4 15.
hxg4 Qxg4 16. Nh2 Bxh2+ 17. Kxh2 Qh4+ 18. Kg1 Rhg8 19. Bf5+ Kb8 20. Be6 Ng6 21.
Nf1 Nge5 22. dxe5 Rxe6 23. Qf5 Nxe5 24. Re3 Qg4 25. Qxg4 Bxg4 26. Ng3 Rc6 27.
b5 Rc5 28. Rb1 Nc4 29. Re7 h5 30. Bf4 Nxa5 31. b6 axb6 32. Rxb6 h4 33. Nf1 Bf3
34. g3 hxg3 35. Nxg3 Rxc3 36. Rxf6 Bg4 37. Rff7 Rc8 38. Rg7 Bf3 39. Nf5 Rc4 40.
Bg3 Rc1+ 0-1

[Event "I Open Distrito de Chamartin 2012"]
[Site "Madrid ESP"]
[Date "2012.09.10"]
[Round "2.14"]
[White "Cerrato Torrijos, Maria"]
[Black "Lozano Sanchez, Jose Antonio"]
[Result "1-0"]
[WhiteElo "2120"]
[BlackElo "1873"]
[PlyCount "69"]
[EventDate "2012.09.09"]
[EventType "swiss"]
[EventRounds "9"]
[EventCountry "ESP"]
[Source "lmi"]
[SourceDate "2012.09.09"]

1. e4 e5 2. f4 d5 3. exd5 exf4 4. Nf3 Qxd5 5. Nc3 Qa5 6. Bc4 Bb4 7. Qe2+ Ne7 8.
Nd5 Nbc6 9. c3 Bd6 10. b4 Nxb4 11. cxb4 Bxb4 12. Nxb4 Qxb4 13. a4 Qd6 14. Ba3
c5 15. d4 Be6 16. Bxe6 Qxe6 17. Bxc5 Nd5 18. Qxe6+ fxe6 19. O-O Kf7 20. Ng5+
Kf6 21. Ne4+ Kg6 22. Bd6 Kf5 23. Rae1 b6 24. Ng3+ Kg4 25. Rxe6 Rad8 26. Rf3
Rhe8 27. h3+ Kg5 28. Ne4+ Kf5 29. Rxe8 Rxe8 30. Nc3 Rd8 31. Nxd5 Rxd6 32. Nxf4
Rc6 33. d5 Rc4 34. Nd3+ Kg5 35. Rf4 1-0

[Event "I Open Distrito de Chamartin 2012"]
[Site "Madrid ESP"]
[Date "2012.09.10"]
[Round "2.15"]
[White "Gomez Feria, Jose Maria"]
[Black "Ginesta Caballero, Olga Lucia"]
[Result "1/2-1/2"]
[WhiteElo "1930"]
[BlackElo "2099"]
[PlyCount "129"]
[EventDate "2012.09.09"]
[EventType "swiss"]
[EventRounds "9"]
[EventCountry "ESP"]
[Source "lmi"]
[SourceDate "2012.09.09"]

1. Nf3 f5 2. c4 Nf6 3. Nc3 e6 4. d3 b6 5. g3 Bb7 6. Bg2 Be7 7. O-O O-O 8. a3 a5
9. Bd2 Na6 10. Qc2 Qe8 11. Rad1 Qh5 12. Rfe1 Ng4 13. h3 Nf6 14. d4 Ne4 15. Nxe4
Bxe4 16. Qc3 Qe8 17. Nh2 Bxg2 18. Kxg2 d5 19. cxd5 exd5 20. Nf3 Bd6 21. Ne5 Qe6
22. f4 Nb8 23. Qb3 Rd8 24. e4 Bxe5 25. exf5 Qxf5 26. Rxe5 Qf7 27. Rc1 h6 28.
Qb5 c6 29. Qe2 Nd7 30. Re7 Re8 31. Re1 Rxe7 32. Qxe7 Qxe7 33. Rxe7 Rd8 34. f5
Kf8 35. Re6 Re8 36. b4 a4 37. b5 c5 38. dxc5 bxc5 39. Bf4 d4 40. Kf3 g5 41.
Bd6+ Kf7 42. Rxh6 Re3+ 43. Kf2 Rb3 44. Rh7+ Ke8 45. Rh8+ Kf7 46. Rh7+ Ke8 47.
h4 gxh4 48. Re7+ Kd8 49. gxh4 Rxb5 50. Re4 Rb2+ 51. Ke1 Rb6 52. Bf4 Rb3 53.
Bg5+ Kc7 54. h5 Rxa3 55. h6 Rh3 56. Bh4 Nf8 57. Be7 Rxh6 58. Bxf8 Rf6 59. Re7+
Kd8 60. Re5 Rxf8 61. Rxc5 Ke7 62. Ra5 a3 63. Kd2 a2 64. Kd3 Rxf5 65. Rxa2
1/2-1/2